[Event "GAMMA Reykjavik Open 2018"]
[Site "Reykjavik"]
[Date "2018.03.10"]
[Round "2"]
[White "Cornette, Deimante"]
[Black "Rapport, Richard"]
[Result "0-1"]
[WhiteElo "2447"]
[BlackElo "2715"]
[Annotator "TA"]
[PlyCount "80"]
[EventType "swiss"]
[EventCountry "ISL"]

{[%evp 22,80,18,18,18,10,35,20,10,-30,-26,-32,-12,-25,-23,-24,-28,-101,-107,-97,-108,-118,-85,-85,-54,-92,-29,-34,-27,-39,-40,-25,0,0,0,0,7,-33,-31,-24,-22,-45,-18,-24,-20,-19,-15,-39,-51,-58,-22,-39,-31,-56,-58,-216,-223,-471,-479,-476,-491]} 1. e4 e5 2. Nf3 Nc6 3. Bb5 a6 4. Ba4 Nf6 5. O-O d6 6. c4 Be7 7. d3 O-O {C84: Closed Ruy Lopez: Unusual White 6th moves} 8. h3 Nd7 9. Nc3 Nc5 10. Bxc6 bxc6 11. d4 exd4 12. Nxd4 {LiveBook: 16 Games} Bd7 13. b3 $146 ({Predecessor:} 13. Bf4 Ne6 {½-½ (31) Kobalia,M (2596)-Jakovenko,D (2710) Sochi 2017}) 13... Re8 14. Re1 Bf6 15. Bb2 a5 {[%cal Ba6a5,Ba5a4,Ba4a3][%mdl 32]} 16. Rb1 Be5 17. Qd2 Qf6 $36 {[%mdl 2048] Black has good play.} 18. Rbd1 Qg6 19. Kf1 {[#]} (19. Kh1 $11) 19... a4 $1 $17 20. b4 Ne6 21. Nde2 a3 22. Bc1 Reb8 23. Kg1 {With the idea f4.} Nf8 (23... Qf6 $17) 24. Kh1 $11 Qe6 25. f4 Bf6 26. c5 {[%cal Rc5d6]} Bh4 (26... Qc4 {keeps more tension.} 27. cxd6 cxd6 28. Rf1 Qxb4 29. Rf3 Qa5) 27. Rf1 Rxb4 {[%cal Bb8b4,Bb4c4,Bc4c5,Bc5a5,Ba5a4][%mdl 32]} 28. cxd6 cxd6 29. Qxd6 (29. Rf3 {looks sharper.} c5 30. Rd3 Bc6 31. Rxd6 Qc8 32. Qe3) 29... Qxd6 30. Rxd6 Be7 31. Rdd1 Rc4 32. Rf3 Be8 33. Rd4 Rc5 34. Nb1 Ne6 35. Rd2 Rca5 36. Rdd3 Ra4 37. Bxa3 c5 {Hoping for ...Bb5.} 38. Bc1 $2 {[#]} (38. Nec3 $15) 38... Bb5 $1 $19 ({Resist} 38... Rxa2 39. Nec3 $17) ({Don't play} 38... Rxe4 39. Nbc3 $17) 39. Rd2 $2 (39. Nbc3 Bxd3 40. Rxd3) 39... Bxe2 $1 40. Rxe2 Nd4 {Precision: White = 34%, Black = 62%.} 0-1

[Event "GAMMA Reykjavik Open 2018"]
[Site "Reykjavik"]
[Date "2018.03.10"]
[Round "2"]
[White "Kjartansson, Gudmundur"]
[Black "Kamsky, Gata"]
[Result "1/2-1/2"]
[WhiteElo "2432"]
[BlackElo "2677"]
[Annotator "TA"]
[PlyCount "75"]
[EventType "swiss"]
[EventCountry "ISL"]

{[%evp 17,75,24,13,6,0,0,0,4,10,5,11,0,31,-12,-12,-25,-22,-18,-25,-52,-44,-33,-44,-35,-22,-30,-40,-22,-24,-29,-21,-34,-10,-16,-8,-27,-19,-19,-19,-19,-19,-19,-19,-20,-9,-9,0,0,0,0,0,0,0,0,0,0,0,0,0,0]} 1. Nf3 g6 2. e4 Bg7 3. d4 d6 4. c3 Nf6 5. Bd3 O-O 6. O-O Nc6 7. Qe2 e5 8. dxe5 Nxe5 9. Nxe5 dxe5 {LiveBook: 6 Games} 10. Be3 {B07: Pirc Defence: Miscellaneous Systems} (10. Bg5 h6 11. Bh4 Qe8 12. Qe3 Nh5 13. Re1 Nf4 14. Bf1 b6 15. a4 Bb7 16. a5 f5 17. f3 fxe4 18. fxe4 {0-1 (29) Pomes Marcet,J (2378)-Strikovic,A (2520) Ortiguera 2003}) 10... Qe7 11. f3 $146 ({Predecessor:} 11. Nd2 Ng4 12. Rad1 h5 13. Nb3 Nxe3 14. Qxe3 Kh7 15. Qc5 Bf6 16. Qxe7 Bxe7 {1-0 (31) Heedt,T-Stoeber,M (2235) Cologne 1994}) 11... Nh5 12. g3 Bh3 13. Re1 Rad8 14. Na3 Kh8 15. Rad1 f5 16. exf5 gxf5 17. Qf2 {[#] Black must now prevent Bc5.} b6 18. f4 Bg4 19. Be2 exf4 20. Rxd8 Qxd8 21. Bxf4 Nxf4 22. Qxf4 Qe7 23. Kf2 Re8 24. Qd2 Qc5+ 25. Kg2 Qc6+ 26. Kf2 Bh3 {[%csl Gh3][%cal Rc6g2] [#]} 27. Bf1 $1 {The position is equal.} Qc5+ 28. Kf3 Rxe1 29. Qxe1 Bxf1 30. Qxf1 Qd5+ 31. Kf2 Bxc3 (31... Qxa2 {with more complications.} 32. Qe2 Qf7 33. Qd3 h5 34. Nb5 f4) 32. bxc3 Qxa2+ 33. Qe2 Qxa3 34. Qe5+ Kg8 {Strongly threatening ...Qc5+.} 35. Qd5+ Kg7 36. Qe5+ Kg6 37. Qe6+ Kg7 {Hoping for ...Qd6.} 38. Qe5+ {Precision: White = 74%, Black = 70%.} 1/2-1/2

[Event "GAMMA Reykjavik Open 2018"]
[Site "Reykjavik"]
[Date "2018.03.10"]
[Round "2"]
[White "Loiseau, Quentin"]
[Black "Adly, Ahmed"]
[Result "1/2-1/2"]
[WhiteElo "2427"]
[BlackElo "2643"]
[Annotator "TA"]
[PlyCount "89"]
[EventType "swiss"]
[EventCountry "ISL"]

{[%evp 16,89,39,0,0,0,0,0,0,1,3,0,0,0,0,0,7,16,32,0,0,-2,-12,-20,-14,-13,0,0,0,0,0,0,0,0,0,0,0,0,0,0,13,17,29,14,30,0,0,0,0,0,0,0,0,0,22,22,209,213,430,249,249,0,0,0,0,0,0,0,0,0,0,0,0,0,0,0]} 1. e4 c5 2. Nf3 Nf6 3. e5 Nd5 4. Nc3 Nxc3 5. dxc3 Nc6 6. Bc4 e6 7. Bf4 Qc7 {B29: Sicilian: 2 Nf3 Nf6 (Nimzowitsch Variation)} (7... Qb6 8. Nd2 Qxb2 9. Ne4 Qb6 10. Qg4 Na5 11. Be2 Qb2 12. O-O Qxc2 13. Qf3 Qa4 14. Rab1 a6 15. Rfd1 {1-0 (27) Amin,B (2693)-Gordievsky,D (2622) Wijk aan Zee 2018}) 8. Qe2 h6 9. O-O-O {LiveBook: 5 Games} a6 10. Nd2 b5 11. Bd3 c4 12. Be4 Bb7 13. Bxc6 $146 ({Find the theoretical novelty and annotate with similar games:} 13. Rhe1 O-O-O 14. Bg3 d5 15. exd6 Bxd6 {½-½ (25) Podvoysky,E (2199)-Dolgov,I (2389) LSS email 2012}) 13... Bxc6 14. Ne4 Qb7 15. Rd4 Bxe4 16. Rxe4 Bc5 17. Bg3 O-O 18. Bh4 d5 19. exd6 $1 Bxd6 20. Rd1 Be7 21. Bxe7 Qxe7 22. Red4 Rfd8 23. g3 Rxd4 24. Rxd4 Rd8 25. Rxd8+ Qxd8 $11 {[%mdl 4096] Endgame KQ-KQ} 26. h4 Qd5 27. b3 f5 28. Qe3 Qd6 29. Kb2 e5 30. b4 Kf7 31. Qe2 Kf6 {[#]} 32. a4 $1 {[%mdl 512]} Qd5 (32... bxa4 33. Qxc4) 33. a5 f4 34. Qg4 Qe6 35. Qf3 g5 $2 {[#]} (35... Qd6 $11 {and Black has nothing to worry.}) 36. Qh5 $18 Kf5 $2 (36... Ke7 {was called for.} 37. hxg5 hxg5) 37. hxg5 (37. g4+ $142 Ke4 38. hxg5 hxg5 39. Qxg5) 37... hxg5 38. Qh3+ $2 (38. g4+ $18 Kf6 39. Qh6+ Ke7 40. Qxg5+ Kf7 41. f3) 38... g4 $11 {The position is equal.} 39. Qh7+ Qg6 40. Qd7+ Kg5 41. Qd8+ Qf6 42. Qg8+ Kf5 43. Qc8+ Qe6 44. Qf8+ Ke4 45. Qa8+ {Precision: White = 73%, Black = 48%.} 1/2-1/2

[Event "GAMMA Reykjavik Open 2018"]
[Site "Reykjavik"]
[Date "2018.03.10"]
[Round "2"]
[White "Bick, Gabriel"]
[Black "Gledura, Benjamin"]
[Result "1/2-1/2"]
[WhiteElo "2416"]
[BlackElo "2632"]
[Annotator "TA"]
[PlyCount "60"]
[EventType "swiss"]
[EventCountry "ISL"]

{[%evp 14,60,19,2,12,10,17,12,25,0,0,-13,-13,-13,-15,-35,-1,-4,-3,-20,0,-30,-14,-31,-23,-75,-75,-72,-73,-76,-81,-81,-75,-75,-82,-76,-68,-85,0,0,0,0,0,0,0,0,0,0,0]} 1. e4 e5 2. Nf3 Nc6 3. Bc4 Bc5 4. O-O Nf6 5. d3 d6 6. c3 a5 {C54: Giuoco Piano: 4 c3 Nf6, main lines with 5 d4 and 5 d3} (6... a6 7. a4 O-O 8. h3 h6 9. Re1 Re8 10. Nbd2 Be6 11. Bxe6 Rxe6 12. b4 Ba7 13. Qc2 Qd7 14. Nf1 d5 15. Ng3 Rd8 16. exd5 Qxd5 {½-½ (63) Carlsen,M (2834)-Kramnik,V (2787) Wijk aan Zee 2018}) 7. Nbd2 O-O 8. h3 {LiveBook: 27 Games} Bd7 9. a4 Ne7 $146 ({Predecessor:} 9... h6 10. Re1 Be6 11. Bb5 Na7 12. Bc4 Nc6 13. Bb5 Na7 14. Bc4 Nc6 {½-½ (14) Antoniewski,R (2540)-Predojevic,B (2640) Austria 2017}) 10. Re1 c6 11. d4 exd4 12. cxd4 Bb4 13. Bb3 d5 14. e5 Ne8 {[%cal Bf6e8,Be8c7,Bc7e6][%mdl 32]} 15. Re2 Nc7 16. Nf1 Ne6 17. Ng3 Ng6 $36 {[%mdl 2048] White is under pressure.} 18. Nh5 Nh4 19. Nf6+ (19. Ne1 $11) 19... gxf6 $17 20. Nxh4 fxe5 21. Nf5 e4 22. Rxe4 dxe4 23. Bxe6 {[#] Intending Qg4+ and mate.} Kh8 $1 (23... fxe6 24. Qg4+ Kf7 25. Qh5+ Kg8 26. Qg4+ Kf7 27. Qh5+ Kg8 28. Qg4+ $16) 24. Qg4 {[%csl Gf5][%cal Rg4g7]} Rg8 25. Qxe4 {[#] Bxd7 is the strong threat.} Bxe6 (25... Rg6 $1 $17 {[%cal Rg6e6]} 26. Bxd7 (26. Bxf7 $2 Bxf5 27. Qxf5 Rf6 $19) 26... Qxd7) 26. Qe5+ $11 {The position is equal.} f6 27. Qxe6 Rg6 (27... Re8 $5 28. Qf7 $8 Re1+ 29. Kh2 Qf8 $11) 28. Nh4 $1 {[%cal Rh4g6]} Rg8 {Threatens to win with ...Re8.} ({Don't play} 28... Qxd4 $6 29. Nxg6+ hxg6 30. Be3 $16) 29. Nf5 Rg6 (29... Re8 $5 30. Qf7 $8 Re1+ 31. Kh2 Qf8 $11) 30. Nh4 $1 {[%cal Rh4g6]} Rg8 {Precision: White = 56%, Black = 69%.} ({Reject} 30... Qxd4 $6 31. Nxg6+ hxg6 32. Be3 $16) 1/2-1/2

[Event "GAMMA Reykjavik Open 2018"]
[Site "Reykjavik"]
[Date "2018.03.10"]
[Round "2"]
[White "Thavandiran, Shiyam"]
[Black "Yilmaz, Mustafa"]
[Result "0-1"]
[WhiteElo "2399"]
[BlackElo "2619"]
[Annotator "TA"]
[PlyCount "80"]
[EventType "swiss"]
[EventCountry "ISL"]

{[%evp 23,80,26,16,0,10,0,14,3,37,30,39,36,37,46,39,10,25,-25,0,-60,-39,-127,-93,-97,-97,-97,-97,-80,-97,-78,-76,-283,-146,-141,-140,-145,-149,-148,-140,-147,-153,-160,-96,-112,-104,-265,-171,-265,-272,-261,-243,-315,-274,-448,-458,-453,-439,-648,-631]} 1. e4 c5 2. Nf3 e6 3. d4 cxd4 4. Nxd4 Nc6 5. Nb5 d6 6. c4 a6 7. N5c3 Nf6 8. Be2 Be7 9. O-O O-O 10. Bf4 {B44: Sicilian: Taimanov: 5 Nb5} b6 11. Nd2 Bb7 12. Re1 Rc8 {LiveBook: 8 Games} 13. Bf1 Re8 $146 ({Predecessor:} 13... Qc7 14. Rc1 Qb8 15. a3 Rfd8 16. b4 Ne5 17. Bg3 Ng6 18. f4 Nd7 19. Nf3 Bf6 20. f5 Nge5 21. fxe6 fxe6 {1-0 (73) Spraggett,K (2586)-Ivanov,J (2409) Seville 2010}) 14. a3 Ne5 15. Rc1 Qc7 16. b4 Qb8 17. h3 Bd8 18. Bh2 Bc7 19. f4 Ng6 20. Nf3 Qa8 {[%cal Rb7e4]} 21. Bd3 (21. Nd2 $11) 21... Red8 $15 22. Nd2 (22. Qe2 $15) 22... d5 {[%cal Bd6d5,Bd5c4][%mdl 32]} 23. e5 {[#]} dxc4 $1 24. Bxg6 hxg6 25. exf6 Bxg2 26. Qe2 Bxh3 {White must now prevent ...b5.} 27. Qf3 $2 (27. b5 $17 {was forced.}) 27... Qxf3 ({Black should try} 27... Rxd2 $19 28. Qxh3 Rcd8) 28. Nxf3 $17 gxf6 $40 {[%mdl 128] Black is out for blood.} 29. Ne4 {[#]} b5 $1 30. Nxf6+ Kg7 31. Ne4 Rd3 {[%mdl 1024] Black has strong compensation.} 32. Rc3 Rcd8 (32... Bb6+ $142 33. Kh1 Rcd8 34. Rxd3 Rxd3) 33. Re3 {Threatening Rexd3.} Rd1+ 34. Re1 $2 (34. Kf2 $17) 34... Bf5 35. Nc5 (35. Ng3 {was worth a try.}) 35... Rxe1+ $19 36. Nxe1 Rd1 37. Bg3 Bd8 38. Nxa6 $2 (38. Kg2 {is a better defense.}) 38... Bf6 {Black is clearly winning.} 39. Rf3 {Now Nc7 and White clings on.} Bd4+ 40. Kh2 (40. Kg2 $142 Be4 41. Nc5) 40... Be4 {Precision: White = 34%, Black = 52%.} 0-1

[Event "GAMMA Reykjavik Open 2018"]
[Site "Reykjavik"]
[Date "2018.03.10"]
[Round "2"]
[White "Kavutskiy, Konstantin"]
[Black "Can, Emre"]
[Result "1/2-1/2"]
[WhiteElo "2383"]
[BlackElo "2603"]
[Annotator "TA"]
[PlyCount "92"]
[EventType "swiss"]
[EventCountry "ISL"]

{[%evp 13,92,0,0,-24,-16,-17,0,-7,0,-2,0,-2,0,4,12,-20,-24,-14,-17,-24,-20,-64,-55,-55,-67,-62,-55,-67,-59,-71,-60,-63,-50,-65,-50,-64,-58,-60,-58,-65,-64,-60,-41,-81,-87,-98,-63,-77,-70,-97,-91,-92,-82,-91,-71,-75,-33,-34,-34,-33,-53,-51,-30,-30,-14,-14,0,-30,-30,-30,-16,-17,-14,-20,-14,-18,0,0,0,0,0]} 1. d4 Nf6 2. c4 e6 3. Nf3 d5 4. Nc3 Bb4 5. cxd5 exd5 6. Bf4 {D38: Queen's Gambit Declined: Ragozin Defence (4 Nf3 Bb4)} Ne4 7. Rc1 (7. Qa4+ Nc6 8. Rc1 O-O 9. g3 g5 10. Be3 f5 11. Bg2 f4 12. gxf4 Bxc3+ 13. bxc3 gxf4 {0-1 (21) Svidler,P (2768)-Mamedyarov,S (2804) Wijk aan Zee 2018}) 7... Nc6 {[%cal Bb8c6,Bc6e7,Be7c8,Bc8d6][%mdl 32] LiveBook: 15 Games} 8. g3 Bf5 9. Bd2 $146 ({Predecessor:} 9. Qb3 a5 10. a3 a4 11. Qa2 Bxc3+ 12. bxc3 Na5 13. Nd2 Nxd2 14. Bxd2 {0-1 (30) Glud,J (2531)-Hammer,J (2677) Helsingor 2015}) 9... O-O 10. Bg2 Re8 11. O-O Nxd2 12. Qxd2 Ne7 13. a3 Bxc3 14. Qxc3 c6 15. Rfe1 Nc8 16. Ne5 Nd6 17. Qb3 Qb6 18. Qxb6 axb6 19. g4 Be6 20. h3 f6 21. Nd3 Bf7 22. e3 Nc4 23. Re2 h5 24. Bf3 hxg4 25. hxg4 g5 26. Nb4 Kg7 27. Kg2 Re7 28. Kg3 Nd6 29. Ree1 Rae8 30. Kg2 Bg6 31. Be2 Be4+ 32. Kg3 Rh8 33. Nxc6 bxc6 34. Rxc6 Nc4 {...Kg6 is the strong threat.} 35. f3 $1 Bg6 36. Bxc4 dxc4 37. Rxc4 Bf7 38. Rc6 b5 39. e4 {[#]} b4 $1 {[%mdl 512]} 40. Rec1 (40. axb4 Rb8) 40... bxa3 41. bxa3 Ra8 42. R1c3 {The position is equal.} Rea7 43. Rb6 $1 Rxa3 44. Rcc6 Ra1 45. Rxf6 {[#] Hoping for Rf5.} R8a2 {And now ...Rg1+ would win.} 46. Rf5 $1 {[%cal Rf5g5]} Rg1+ {Precision: White = 60%, Black = 58%.} 1/2-1/2

[Event "GAMMA Reykjavik Open 2018"]
[Site "Reykjavik"]
[Date "2018.03.10"]
[Round "2"]
[White "Unuk, Laura"]
[Black "Lagarde, Maxime"]
[Result "0-1"]
[WhiteElo "2346"]
[BlackElo "2587"]
[Annotator "TA"]
[PlyCount "64"]
[EventType "swiss"]
[EventCountry "ISL"]

{[%evp 23,64,6,2,0,0,0,0,0,14,0,0,0,0,0,0,0,4,5,61,55,64,62,62,50,64,0,0,0,0,-146,-45,-38,-36,-35,0,-1185,-1119,-29991,-29992,-29992,-29993,-29994,-29995]} 1. Nf3 f5 2. d4 Nf6 3. g3 g6 4. Bg2 Bg7 5. O-O O-O 6. c4 d6 7. Nc3 Nc6 8. d5 Ne5 9. Nxe5 dxe5 10. e4 f4 11. gxf4 exf4 12. Bxf4 Nxe4 {LiveBook: 10 Games. A89: Dutch Defence: Leningrad System: 5 Nf3 0-0 6 0-0 d6 7 Nc3 Nc6} 13. Ne2 (13. Qc1 e5 14. Be3 Nd6 15. Bg5 Qe8 16. Nb5 Rf7 17. Nxd6 cxd6 18. c5 dxc5 19. Qxc5 b6 20. Qc4 {1-0 (29) Simutowe,A (2421)-Nakamura,H (2647) Cherry Hill 2007}) 13... Bf5 14. Nd4 e5 {The position is equal.} 15. Nxf5 gxf5 16. Bxe4 $146 ({Predecessor:} 16. Be3 Nd6 17. Qe2 f4 18. Bc5 b6 19. Bxd6 cxd6 20. Be4 {½-½ (39) Garcia Vicente,N (2265)-Oms Fuentes,L (2165) Pontevedra 2004}) 16... exf4 17. Bf3 Qh4 18. Re1 Bxb2 19. Rb1 Bc3 $132 {[%mdl 2048] Black is not keeping still} 20. Re6 Rf7 (20... Kh8 $11) 21. Qd3 $14 Bf6 22. Rxb7 {aiming for d6.} Qh3 {[#] Threatens to win with ...Rg7+.} 23. Qe2 {And now d6 would win.} Kh8 24. Re8+ (24. Rb1 $14) 24... Rxe8 $11 25. Qxe8+ Kg7 26. Bg2 {[#]} (26. Rb8 Qxf3 27. Qe1 (27. Qg8+ $2 Kh6 $19) 27... Kh6 $19) (26. Qe2 $1 $11 {was the only way to keep the balance.}) 26... Qg4 ({Black should try} 26... Qh5 $1 $17 {[%cal Rh5d1] ...Qd1+ is the strong threat.} 27. Qe1 Re7) 27. h3 $1 $15 {[%cal Rh3g4]} Qd1+ 28. Bf1 $1 Re7 29. Qb5 $2 {[%mdl 8192]} (29. Qc8 $11 Re1 30. Qxc7+ (30. Rxc7+ Be7 $11) 30... Be7 31. Qxe7+ Rxe7 32. Rxe7+ Kg6 33. Rxa7) 29... Kh6 $19 {( -> ...Rg7+)} 30. Qb1 Rg7+ {Black mates.} 31. Kh2 Qd2 32. Bg2 f3 {Precision: White = 60%, Black = 65%.} (32... Qxf2 $2 33. Qf1 $19) 0-1

[Event "GAMMA Reykjavik Open 2018"]
[Site "Reykjavik"]
[Date "2018.03.10"]
[Round "2"]
[White "Cummings, David H."]
[Black "Ramirez, Alejandro"]
[Result "1/2-1/2"]
[WhiteElo "2322"]
[BlackElo "2568"]
[Annotator "TA"]
[PlyCount "92"]
[EventType "swiss"]
[EventCountry "ISL"]

{[%evp 19,92,54,63,44,48,39,68,29,37,30,41,36,28,0,77,75,65,65,58,37,29,10,143,133,259,-28,-54,-56,-17,-21,-26,-28,-20,-22,0,0,0,-17,-14,-26,-26,-25,-25,-18,0,0,0,0,0,-8,-10,-9,-18,-22,-32,-56,-43,-18,0,0,0,0,53,66,76,0,0,0,83,0,0,0,77,0,0]} 1. c4 b6 2. Nc3 Bb7 3. e4 e6 4. Nf3 c5 5. d4 cxd4 6. Nxd4 Nc6 7. Be3 Qb8 8. Qd2 Nf6 9. f3 Bc5 10. O-O-O O-O 11. Nxc6 $146 {A31: Symmetrical English: 2 Nf3 Nf6 3 d4} ({Predecessor:} 11. Be2 Rd8 12. Bf4 Qc8 13. Nxc6 Bxc6 14. e5 Ne8 15. Bg5 f6 16. exf6 Nxf6 17. Bd3 Be7 18. Kb1 a6 {1-0 (41) Karpov,A (2725)-Adams,M (2630) Dos Hermanas 1993}) 11... Bxc6 12. Bf4 Qb7 13. e5 {White is slightly better.} Nh5 14. Be3 f6 15. exf6 Nxf6 16. Bd3 a6 {[#]} (16... Bxe3 $11 {remains equal.} 17. Qxe3 Qc7) 17. Bxc5 $1 $16 bxc5 18. Rhe1 Rab8 19. Ne4 Bxe4 20. Bxe4 d5 (20... Qc7 $11) 21. cxd5 Rfd8 (21... c4 $16 {is a better defense.}) 22. Qc2 $2 {[#]} (22. dxe6 $18 Qb6 23. Qc3) 22... exd5 $11 23. Bf5 Qc7 24. g4 Kh8 25. Kb1 d4 26. Be6 Nd5 27. Bxd5 $1 Rxd5 28. Re6 Rdd8 29. Qe2 Qf7 30. Re7 Qg6+ 31. Ka1 h6 32. Qe5 d3 33. h4 {[%cal Bh2h4,Bh4h5][%mdl 32]} c4 34. h5 Qg5 35. Qxg5 hxg5 {[%mdl 4096] Endgame KRR-KRR} 36. Re4 Rbc8 37. Re5 Re8 38. Rxg5 Re2 39. Rd5 $1 Rc2 40. b3 c3 (40... cxb3 $1 $11 41. axb3 Rf2) 41. R5xd3 $14 {g5 is the strong threat.} Kh7 $1 42. Kb1 Rb2+ $1 43. Ka1 {aiming for Rxc3!} Rc2 44. Kb1 (44. Re1 $16) 44... Rb2+ $11 45. Ka1 ({Better is} 45. Kc1 $11 Rxa2 46. Rd8) 45... Rc2 $16 46. Re3 (46. f4 $16) 46... Rd8 $1 {Precision: White = 42%, Black = 51%.} 1/2-1/2

[Event "GAMMA Reykjavik Open 2018"]
[Site "Reykjavik"]
[Date "2018.03.11"]
[Round "2"]
[White "Midoux, Sebastien"]
[Black "Vaibhav, Suri"]
[Result "1/2-1/2"]
[WhiteElo "2319"]
[BlackElo "2544"]
[Annotator "TA"]
[PlyCount "120"]
[EventType "swiss"]
[EventCountry "ISL"]

{[%evp 23,120,23,19,11,18,0,0,0,0,0,0,-22,-22,-46,-35,-31,-30,-63,-61,-66,-24,-26,-24,-23,-31,-33,-29,-66,-35,-41,-42,-68,-40,-63,-60,-63,-53,-65,0,-61,-62,-50,-38,-43,-47,-150,-156,-162,-91,-100,-108,-103,-77,-74,-41,-66,-39,-39,-39,-39,-39,-39,-39,-39,-21,-67,-40,-64,-32,-78,-81,-80,-80,-77,-77,-77,-66,-72,-32,-114,-91,-237,-235,-234,-218,-212,-165,-173,-131,-503,-501,-495,-449,-1660,-1770,-2842,-2393,-1697,-1667]} 1. e4 e6 2. d4 d5 3. Nd2 c5 4. Ngf3 cxd4 5. Nxd4 Nc6 6. Bb5 Bd7 7. Nxc6 bxc6 8. Bd3 Bd6 {C07: French Tarrasch: 3...c5, 4 Ngf3 and 4 exd5 Qxd5} 9. Qe2 Ne7 10. O-O Ng6 11. Nf3 Nf4 12. Bxf4 Bxf4 {LiveBook: 5 Games} 13. c4 O-O {[#]} 14. cxd5 $146 ({Find the theoretical novelty and annotate with similar games:} 14. exd5) 14... cxd5 15. exd5 exd5 16. Bc2 Qf6 17. Qd3 {[%csl Gc2][%cal Rd3h7]} (17. Rad1 {NOTEXT} g6 18. Bb3 Rae8 19. Qd3 Qxb2 20. Qa6) 17... g6 18. Qd4 Qxd4 19. Nxd4 Rab8 20. Bb3 a5 21. Rfe1 Rfe8 (21... a4 $5 {[%cal Ra4b3]} 22. Re7 Bc8 23. Bxd5 Rxb2 $15) 22. Rxe8+ Bxe8 23. Re1 Kf8 24. g3 Bg5 25. Bxd5 Bf6 26. Nf3 Rxb2 27. Rd1 a4 28. Ne1 Bb5 29. Nd3 Rc2 30. Nb4 Rb2 31. Nd3 Re2 32. Nf4 Rc2 33. h4 Kg7 34. Ng2 (34. Rb1 $15 Bb2 35. Rd1) 34... Be2 $17 35. Rb1 {[#]} Bb2 ({Black should play} 35... Rd2 $1 $19 {[%cal Rd2d5]} 36. Ne3 Bd4) 36. Nf4 Ba6 37. Rd1 Ba3 38. Nd3 h5 39. Kg2 Kf6 40. Ne1 Re2 41. Nf3 Bc5 42. Rd2 $1 Rxd2 43. Nxd2 $15 {[%mdl 4096] Endgame Strongly threatening Ne4+. KBB-KBN} Ke7 44. f3 f6 45. g4 Bb4 46. Ne4 hxg4 47. fxg4 f5 48. gxf5 gxf5 49. Ng5 Kd6 50. Bf7 Ke5 51. Nf3+ (51. a3 $1 $15 Bb7+ 52. Kh3 Bxa3 53. Be8) 51... Ke4 52. Be8 {[#]} (52. a3 $17 Bxa3 53. Be8) 52... a3 $1 $19 {Threatens to win with ...Ke3.} 53. Bc6+ Ke3 {White must now prevent ...Bc4.} 54. Bd5 Bf8 55. h5 Bd3 56. Ng5 $2 {[%mdl 8192]} (56. Ne5 $17 {is tougher.}) 56... Be2 {Black is clearly winning.} 57. Nf3 {If White can now play Nh4 this consolidates a bit.} f4 58. Bc6 (58. h6 $142 Bxh6 59. Ne1) 58... Bc4 59. Ne1 Kd2 60. Nf3+ Kc3 {[%mdl 32768] Precision: White = 37%, Black = 68%. . An unexpected result.} 1/2-1/2

[Event "GAMMA Reykjavik Open 2018"]
[Site "Reykjavik"]
[Date "2018.03.10"]
[Round "2"]
[White "Kantorik, Marian"]
[Black "Moradiabadi, Elshan"]
[Result "0-1"]
[WhiteElo "2313"]
[BlackElo "2535"]
[Annotator "TA"]
[PlyCount "92"]
[EventType "swiss"]
[EventCountry "ISL"]

{[%evp 12,92,42,28,61,33,33,35,44,33,40,30,47,42,38,42,43,35,47,20,39,24,41,21,26,23,50,-7,-7,-42,-50,-102,-114,-123,-106,-99,-91,-95,-106,-131,-72,-58,-66,-85,-85,-106,-106,-106,-106,-176,-128,-128,-120,-178,-163,-156,-151,-138,-138,-302,-283,-354,-324,-304,-322,-464,-464,-468,-463,-653,-601,-916,-907,-808,-750,-1668,-1125,-1338,-1253,-12840,-12840,-12841,-12843]} 1. d4 g6 2. e4 Bg7 3. Nc3 d6 4. Be3 a6 5. a4 Nf6 6. f3 Nbd7 {B06: Modern Defence} (6... c6 7. Qd2 h5 8. Bd3 a5 9. Nge2 Na6 10. O-O O-O 11. Kh1 e5 12. Bc4 Nb4 13. Bb3 Qc7 14. Bh6 {½-½ (70) Radjabov,T (2745)-Nakamura,H (2775) Stavanger 2013}) 7. Qd2 {LiveBook: 5 Games} b6 8. Bh6 Bxh6 {White is slightly better.} 9. Qxh6 e5 10. d5 $146 ({Predecessor:} 10. O-O-O Bb7 11. Bc4 Qe7 12. Nge2 O-O-O 13. d5 a5 14. b4 axb4 {1-0 (30) Bersamina,P (2325)-Zhou,G (2206) Bangkok 2014}) 10... Qe7 11. Bc4 Qf8 12. Qe3 (12. Qd2 {keeps more tension.} h5 13. Nge2 Qh6 14. Qxh6 Rxh6 15. a5) 12... h5 13. h4 Qh6 14. Qxh6 Rxh6 15. Nge2 Ke7 16. Kd2 Bb7 17. Rag1 c6 18. dxc6 Bxc6 19. Kc1 ({White should try} 19. Ng3 $14) 19... Rhh8 20. b3 Rhb8 21. Nd5+ (21. Bd3 $15) 21... Bxd5 $1 $17 22. Bxd5 Nxd5 23. exd5 b5 24. axb5 axb5 25. Kb2 b4 (25... Nb6 $142 26. Rd1 Ra5) 26. Ra1 f5 27. Rxa8 Rxa8 $15 {[%mdl 4096] Endgame KRN-KRN} 28. c4 Nc5 29. Nc1 Kf6 30. g3 (30. Kc2 $17 {was called for.}) 30... Ra3 31. Rh2 Ra7 32. Rh1 {[#]} (32. Kc2 $17) 32... g5 $1 $19 33. hxg5+ Kxg5 34. Kc2 e4 35. fxe4 $2 (35. Rf1 $17 {only move.}) 35... Nxe4 36. Rh3 Ra8 37. Nd3 Ra2+ 38. Kb1 (38. Kc1 $142 Ra1+ 39. Kb2) 38... Rg2 {Black is clearly winning.} 39. c5 dxc5 40. d6 (40. Nf4 $142 Rg1+ 41. Kc2) 40... Nxd6 41. Nxc5 Ne4 42. Ne6+ Kg4 43. Rh4+ Kxg3 44. Rxh5 f4 {[%cal Bf5f4,Bf4f3][%mdl 32]} 45. Re5 Re2 {[#] ( -> ...Nc3+)} 46. Kc1 f3 {Precision: White = 18%, Black = 76%.} 0-1